000
00315nam a2200109Ia 4500
008
200302s9999 xx 000 0 und d
100
_a
Manfred Wundram Thomas Pape
245
_a
Andrea Palladio 1508-1580 Architect Between the Renaissance & Baroque
260
_b
Taschen Verlag Gmbh
260
_c
1993
300
_a
245 P.,
999
_c
921
_d
921